World Cities by Clue #2 - Statistics

General Stats
  • This quiz has been taken 378 times
  • The average score is 7 of 14
Answer Stats
Hint Answer % Correct
Table Mountain, Robben Island Cape Town
74%
Almendares River, Capablanca, cigars Havana
72%
Maracanã Stadium, Christ the Redeemer Rio de Janeiro
70%
Atlantic port, Humphrey Bogart, white house Casablanca
67%
Azadi Tower, Khomeini Airport Tehran
67%
Large port, Pim Fortuyn, Feyenoord Rotterdam
61%
Nile, Thebes, Valley of the Kings Luxor
56%
The Bund, Yangtze, Upon the Sea Shanghai
56%
Douro, port wine, JK Rowling Porto
54%
Diamond Head, 7 Dec 1941, Ala Moana Center Honolulu
44%
Chao Phraya River, Temple of the Emerald Buddha Bangkok
37%
Desert, Tuareg, proverbially distant Timbuktu
32%
Indian Ocean, City of Light, Heath Ledger Perth
26%
Coromandel Coast, Fort St. George, Detroit Chennai
4%
No matching quizzes found
Score Distribution
Percent of People with Each Score
Percentile by Number Answered
Your Score History
You have not taken this quiz